000 00584nam a2200229 i 4500
001 6985
003 ES-MaACL
005 20250825080509.0
007 t|
008 900719s1990 sp ||||1| spa d
020 _a84-86459-30-3
080 _a070.41
080 _a46.31
080 _a46.01
245 0 0 _aLibro de estilo /
_cEl Pais.
250 _a5a ed.
260 _aMadrid :
_bEl Pais,
_c1990.
300 _a524 p. ;
_c23 cm.
650 1 4 _aPeriodismo-
_vManuales de estilo
_915951
852 _aES-MaACL
_jL-14281
_bR.118214
_z. - rust.
999 _c6985
_d6985